000
00237nam a2200097Ia 4500
001
723189
005
20250826163326.0
008
250824s9999 xx 000 0 und d
245
0
_a
KIZIL ŞEBEKE
_c
AYFER KAFKAS
260
_b
PORTAKAL YAYINLARI
999
_c
723189
_d
723189